<?xml version="1.0" encoding="UTF-8"?>
<record
    xmlns:xsi="http://www.w3.org/2001/XMLSchema-instance"
    xsi:schemaLocation="http://www.loc.gov/MARC21/slim http://www.loc.gov/standards/marcxml/schema/MARC21slim.xsd"
    xmlns="http://www.loc.gov/MARC21/slim">

  <leader>01387nam a22002657a 4500</leader>
  <controlfield tag="005">20170124103157.0</controlfield>
  <datafield tag="010" ind1=" " ind2=" ">
    <subfield code="a">B-068986</subfield>
  </datafield>
  <datafield tag="020" ind1=" " ind2=" ">
    <subfield code="c">200.00</subfield>
    <subfield code="a">812630766</subfield>
  </datafield>
  <datafield tag="035" ind1=" " ind2=" ">
    <subfield code="a">B-068986</subfield>
  </datafield>
  <datafield tag="037" ind1=" " ind2=" ">
    <subfield code="b">Cen Lib/Ret</subfield>
  </datafield>
  <datafield tag="040" ind1=" " ind2=" ">
    <subfield code="a">DPL</subfield>
    <subfield code="b">HN</subfield>
  </datafield>
  <datafield tag="082" ind1=" " ind2=" ">
    <subfield code="a">893.2</subfield>
    <subfield code="b">&#x917;&#x94B;&#x90F;&#x925;&#x947;</subfield>
  </datafield>
  <datafield tag="100" ind1=" " ind2=" ">
    <subfield code="a">&#x917;&#x94B;&#x90F;&#x925;&#x947;, &#x92F;&#x94B;&#x939;&#x93E;&#x928; &#x935;&#x94B;&#x932;&#x94D;&#x92B;&#x93C;&#x917;&#x93E;&#x902;&#x917; &#x92B;&#x94C;&#x928;</subfield>
    <subfield code="9">90032</subfield>
  </datafield>
  <datafield tag="245" ind1=" " ind2=" ">
    <subfield code="a">&#x92B;&#x93C;&#x93E;&#x909;&#x938;&#x94D;&#x91F; :</subfield>
    <subfield code="c">&#x92F;&#x94B;&#x939;&#x93E;&#x928; &#x935;&#x94B;&#x932;&#x94D;&#x92B;&#x93C;&#x917;&#x93E;&#x902;&#x917; &#x92B;&#x94C;&#x928; &#x917;&#x94B;&#x90F;&#x925;&#x947; ; &#x905;&#x928;&#x941;&#x935;&#x93E;&#x926;&#x915; &#x905;&#x930;&#x935;&#x93F;&#x902;&#x926; &#x915;&#x941;&#x92E;&#x93E;&#x930; </subfield>
    <subfield code="b">&#x90F;&#x915; &#x924;&#x94D;&#x930;&#x93E;&#x938;&#x926;&#x940; /</subfield>
  </datafield>
  <datafield tag="246" ind1=" " ind2=" ">
    <subfield code="a">Foust : ek trasdi /</subfield>
    <subfield code="b">by Yohan Volfgang Faun Goethe ; anuvadak Arvind Kumar </subfield>
  </datafield>
  <datafield tag="260" ind1=" " ind2=" ">
    <subfield code="a">&#x928;&#x92F;&#x940; &#x926;&#x93F;&#x932;&#x94D;&#x932;&#x940;</subfield>
    <subfield code="b">&#x92D;&#x93E;&#x930;&#x924;&#x940;&#x92F; &#x91C;&#x94D;&#x91E;&#x93E;&#x928;&#x92A;&#x940;&#x920; </subfield>
    <subfield code="c">2002</subfield>
  </datafield>
  <datafield tag="270" ind1=" " ind2=" ">
    <subfield code="b">&#x928;&#x92F;&#x940; &#x926;&#x93F;&#x932;&#x94D;&#x932;&#x940;</subfield>
    <subfield code="a">18, &#x907;&#x902;&#x938;&#x94D;&#x91F;&#x940;&#x91F;&#x94D;&#x92F;&#x942;&#x936;&#x928;&#x932; &#x90F;&#x930;&#x93F;&#x92F;&#x93E;, &#x932;&#x94B;&#x926;&#x940; &#x930;&#x94B;&#x921;  </subfield>
    <subfield code="e">110003</subfield>
  </datafield>
  <datafield tag="300" ind1=" " ind2=" ">
    <subfield code="a">271&#x92A;&#x943;. </subfield>
    <subfield code="c">20&#x938;&#x947;&#x92E;&#x940;(&#x938;&#x91C;&#x93F;&#x932;&#x94D;&#x926;)</subfield>
  </datafield>
  <datafield tag="650" ind1=" " ind2=" ">
    <subfield code="a">&#x917;&#x948;&#x930;-&#x938;&#x93E;&#x92E;&#x940; &#x905;&#x92B;&#x94D;&#x930;&#x940;&#x915;&#x940;-&#x90F;&#x936;&#x93F;&#x92F;&#x93E;&#x908; &#x938;&#x93E;&#x939;&#x93F;&#x924;&#x94D;&#x92F;</subfield>
    <subfield code="9">90034</subfield>
  </datafield>
  <datafield tag="650" ind1=" " ind2=" ">
    <subfield code="a">&#x905;&#x92B;&#x94D;&#x930;&#x940;&#x915;&#x940;-&#x90F;&#x936;&#x93F;&#x92F;&#x93E;&#x908; &#x938;&#x93E;&#x939;&#x93F;&#x924;&#x94D;&#x92F;</subfield>
    <subfield code="9">3552</subfield>
  </datafield>
  <datafield tag="650" ind1=" " ind2=" ">
    <subfield code="a">Non-semitic Afro-Asiatic literature </subfield>
    <subfield code="9">90036</subfield>
  </datafield>
  <datafield tag="650" ind1=" " ind2=" ">
    <subfield code="a">Afro-Asiatic literature </subfield>
    <subfield code="9">90037</subfield>
  </datafield>
  <datafield tag="700" ind1=" " ind2=" ">
    <subfield code="a">&#x905;&#x930;&#x935;&#x93F;&#x902;&#x926; &#x915;&#x941;&#x92E;&#x93E;&#x930; </subfield>
    <subfield code="9">90038</subfield>
  </datafield>
  <datafield tag="942" ind1=" " ind2=" ">
    <subfield code="2">ddc</subfield>
    <subfield code="c">HN</subfield>
    <subfield code="h">893.2</subfield>
    <subfield code="m">&#x917;&#x94B;&#x90F;&#x925;&#x947;</subfield>
  </datafield>
  <datafield tag="999" ind1=" " ind2=" ">
    <subfield code="c">120369</subfield>
    <subfield code="d">120369</subfield>
  </datafield>
  <datafield tag="952" ind1=" " ind2=" ">
    <subfield code="0">0</subfield>
    <subfield code="1">0</subfield>
    <subfield code="4">0</subfield>
    <subfield code="7">0</subfield>
    <subfield code="a">L</subfield>
    <subfield code="b">L</subfield>
    <subfield code="d">2015-09-22</subfield>
    <subfield code="e">Cen Lib/Ret</subfield>
    <subfield code="g">200.00</subfield>
    <subfield code="l">0</subfield>
    <subfield code="o">893.2 &#x917;&#x94B;&#x90F;&#x925;&#x947;</subfield>
    <subfield code="p">B-068986</subfield>
    <subfield code="r">2015-09-22 00:00:00</subfield>
    <subfield code="t">1</subfield>
    <subfield code="v">200.00</subfield>
    <subfield code="w">2015-09-22</subfield>
    <subfield code="y">HN</subfield>
  </datafield>
</record>
